Delicias de antaño (Record no. 2039)

MARC details
000 -CABECERA
campo de control de longitud fija 00923nam a2200253 a 4500
001 - NÚMERO DE CONTROL
campo de control BRCA_2294
005 - FECHA Y HORA DE LA ÚLTIMA TRANSACCIÓN
campo de control 20190320203739.0
008 - DATOS DE LONGITUD FIJA--INFORMACIÓN GENERAL
campo de control de longitud fija 040318s2000 mx-a---###---#000-0#spa-d
020 ## - NÚMERO INTERNACIONAL ESTÁNDAR DEL LIBRO
Número Internacional Estándar del Libro 9685059314
040 ## - FUENTE DE LA CATALOGACIÓN
Centro catalogador/agencia de origen DLC
Centro/agencia transcriptor DLC
050 #4 - SIGNATURA TOPOGRÁFICA DE LA BIBLIOTECA DEL CONGRESO
Número de clasificación BX4220
Número de documento/Ítem .C37 2000
100 1# - ENTRADA PRINCIPAL--NOMBRE DE PERSONA
Nombre de persona Castelló Yturbide, Teresa
9 (RLIN) 2444
245 10 - MENCIÓN DE TÍTULO
Título Delicias de antaño
Resto del título historia y recetas de los conventos mexicanos
Mención de responsabilidad, etc. Teresa Castelló Yturbide, María Josefa Martínez del Río de Redo ; fotografía Michael Zabé.
260 ## - PUBLICACIÓN, DISTRIBUCIÓN, ETC.
Lugar de publicación, distribución, etc. México
Nombre del editor, distribuidor, etc. Landucci : Américo Arte
Fecha de publicación, distribución, etc. 2000
300 ## - DESCRIPCIÓN FÍSICA
Extensión 273 p.
Otras características físicas il. a color
Dimensiones 35 cm.
504 ## - NOTA DE BIBLIOGRAFÍA, ETC.
Nota de bibliografía, etc. Bibliografía : p. 270-273
650 14 - PUNTO DE ACCESO ADICIONAL DE MATERIA--TÉRMINO DE MATERIA
Término de materia o nombre geográfico como elemento de entrada Recetas
Subdivisión geográfica México
9 (RLIN) 6870
650 14 - PUNTO DE ACCESO ADICIONAL DE MATERIA--TÉRMINO DE MATERIA
Término de materia o nombre geográfico como elemento de entrada Conventos
Subdivisión general Historia
Subdivisión geográfica México
9 (RLIN) 2513
650 14 - PUNTO DE ACCESO ADICIONAL DE MATERIA--TÉRMINO DE MATERIA
Término de materia o nombre geográfico como elemento de entrada Cocina mexicana
Subdivisión general Historia
9 (RLIN) 6871
650 14 - PUNTO DE ACCESO ADICIONAL DE MATERIA--TÉRMINO DE MATERIA
Término de materia o nombre geográfico como elemento de entrada Monjas
Subdivisión general Alimento
Subdivisión geográfica México
9 (RLIN) 6872
700 1# - PUNTO DE ACCESO ADICIONAL--NOMBRE DE PERSONA
Nombre de persona Martínez del Río de Redo, María Josefa
9 (RLIN) 6873
700 1# - PUNTO DE ACCESO ADICIONAL--NOMBRE DE PERSONA
Nombre de persona Zabé, Michel
9 (RLIN) 38
942 ## - ELEMENTOS DE PUNTO DE ACCESO ADICIONAL (KOHA)
Fuente del sistema de clasificación o colocación Library of Congress Classification
Tipo de ítem Koha Libros
Holdings
Estado de retiro Estado de pérdida Estado dañado No para préstamo Localización permanente Ubicación/localización actual Fecha de adquisición Total de préstamos Signatura topográfica completa Código de barras Fecha visto por última vez Precio válido a partir de Tipo de ítem Koha
El ejemplar forma parte de la colección y puede ser consultado según las políticas vigentes.       Biblioteca del Museo Franz Mayer (Rogerio Casas-Alatriste) Biblioteca del Museo Franz Mayer (Rogerio Casas-Alatriste) 15/08/2008   BX4220 .C37 2000 01262 22/03/2019 22/03/2019 Libros